Object Database the Essentials / (Record no. 616927)

000 -LEADER
fixed length control field 00827nam a22001577a 4500
020 ## - INTERNATIONAL STANDARD BOOK NUMBER
International Standard Book Number 020156341X
040 ## - CATALOGING SOURCE
Transcribing agency NUST
082 ## - DEWEY DECIMAL CLASSIFICATION NUMBER
Classification number 005.75,LOO
100 ## - MAIN ENTRY--PERSONAL NAME
Personal name Loomis, Mary E.S.
9 (RLIN) 100360
245 ## - TITLE STATEMENT
Title Object Database the Essentials /
Statement of responsibility, etc. Mary E.E. loomis
260 ## - PUBLICATION, DISTRIBUTION, ETC.
Place of publication, distribution, etc. New York
Name of publisher, distributor, etc. Addison
Date of publication, distribution, etc. 1995
300 ## - PHYSICAL DESCRIPTION
Extent xv, 230 p.;
505 ## - FORMATTED CONTENTS NOTE
Formatted contents note The Role of Object DBMs (Page-1), Object Databases from a Programming Language Perspective (Page-17), Object Database From a Database Management Perspective (Page-31), Object Database and Programming Clashes (Page-57), An Object Model (Page-87), Storing and Finding Persistent Objects (Page-111), Object Sharing (Page-145), Querying Object (Page-173), Evaluating Object DBMSs (Page-191), Direction (Page-203).
650 ## - SUBJECT ADDED ENTRY--TOPICAL TERM
Topical term or geographic name entry element Object Oriented Database
9 (RLIN) 134006
942 ## - ADDED ENTRY ELEMENTS (KOHA)
Source of classification or shelving scheme
Koha item type Reference
Call number prefix 005.75,LOO
Holdings
Withdrawn status Lost status Source of classification or shelving scheme Damaged status Not for loan Permanent Location Current Location Shelving location Date acquired Full call number Barcode Date last seen Price effective from Koha item type Public note
          Military College of Signals (MCS) Military College of Signals (MCS) Reference 04/08/2026 005.75,LOO MCS38962 04/08/2026 04/08/2026 Reference Almirah Reference No.18, Shelf No.2
© 2023 Central Library, National University of Sciences and Technology. All Rights Reserved.